League of Legends - Czyj to skill [Hard] - Statystyki

Ogólne statystyki
  • Ten quiz został rozwiązany 632 razy
  • Średni wynik to 6 z 15
Statystyki odpowiedzi
Opis Postać % Poprawnych
Pożera wrogą jednostkę, zadając wysokie nieuchronne obrażenia. Jeżeli cel zostanie zabity, bohater rośnie i zyskuje dodatkowe punkty zdrowia. Cho'Gath
78%
Bohater im mniej ma punktów zdrowia, tym więcej dostaje bonusowego AD. Można użyć, aby się wyleczyć Tryndamere
61%
Wykrada część zdrowia, pancerza i odporności na magię. W ciągu następnych 4 sekund ilość skradzionego zdrowia, pancerza i odporności na magię jest podwajana. Trundle
57%
Włączenie tej umiejętności powoduje niewrażliwość bohatera na podstawowe ataki. Po ponownym użyciu ogłusza wrogów wokół. Jax
54%
Kolejne ataki zwiększają jego prędkość ataku. Po wykonaniu trzech ataków w krótkim odstępie czasu postać może ugryźć cel. Ugryzienie zadaje więcej obrażeń w zależności od tego, ile zdrowia brakuje celowi. Volibear
50%
Daje premię do prędkości ataku na kolejne dwa ataki. Pierwszy atak spowolni cel, a drugi zada obrażenia krytyczne. Fiora
47%
Bohater doskakuje do celu zadając mu obrażenia fizyczne i ogłusza go. Pantheon
47%
Biernie procentowo zwiększa pancerz. Aktywowana przyznaje podstawowym atakom obrażenia i powduje atak w stożku. Malphite
43%
Rzut mieczem zadający każdemu przeciwnikowi w linii obrażenia magiczne. Ostatni wróg w linii zostaje unieruchomiony, a bohater rzucający przyciąga się. Leona
42%
Zaatakowanie Wrażliwego celu pasywnie zwiększa prędkość ataku oraz prędkość poruszania się. Akywuj, aby ujawnił się obszar w pobliżu. Quinn
41%
Podstawowe ataki nakładają klątwę. Klątwa sprawia że magiczne obrażenia procentowo zadają dodatkowe nieuchronne obrażenia. Amumu
36%
Wystrzeliwuje dalekodystansowy promień energii, który zadaje obrażenia wszystkim trafionym celom. Xerath
36%
Postać atakując generuje do 4 ładunków, po ich zdobyciu, może użyć umiejętności dającą dodatkowe obrażenia. Ashe
23%
Pierwszy atak lub pierwsza umiejętność zada danemu wrogowi dodatkowe obrażenia. Qiyana
15%
Po użyciu umiejętności postać otrzymuje tarczę. Wpływanie na przeciwników zmniejsza czas odnowienia. Shen
13%
Nie znaleziono quizów pasujących do podanych kryteriów
Rozkład punktacji
Procent ludzi z każdym wynikiem
Percentyl według liczby udzielonych odpowiedzi
Twoja historia wyników
Nie rozwiązałeś tego quizu